Almas en pena chapolas negras /

Uloženo v:
Podrobná bibliografie
Hlavní autor: Vallejo, Fernando (autor)
Médium: Kniha
Jazyk:španělština
Vydáno: Bogotá, Colombia : Alfaguara 2008, c1995
Edice:(Biblioteca Fernando Vallejo)
Témata:
Tagy: Přidat tag
Žádné tagy, Buďte první, kdo vytvoří štítek k tomuto záznamu!

MARC

LEADER 00000nam^a2200000^a^4500
001 000318025
005 20250521000000.0
009 20260310113402.035
020 |a 978-958-704-652-6 
037 |a Acervo ITESO - Biblioteca 
041 |a ESP 
082 |a 860. 986106  |b VAL 
100 |a Vallejo, Fernando  |e (autor) 
240 1 1 |a [Almas en pena, chapolas negras] 
245 1 0 |a Almas en pena chapolas negras /  |c F. Vallejo. 
264 4 |a Bogotá, Colombia :  |b Alfaguara  |c 2008, c1995 
300 |a 459 p. 
336 |a texto  |b txt  |2 rdacontenido 
337 |a sin mediación  |b n  |2 rdamedio 
338 |a volumen  |b nc  |2 rdasoporte 
440 1 |a (Biblioteca Fernando Vallejo) 
545 0 |a Fernando Vallejo (Medellín, 1942), considerado uno de los escritores más importantes de Colombia, es también cineasta y biólogo; radica en México desde 1971. Además de ser aficionado a la música clásica fue un buen pianista, destaca como novelista, sus creaciones son pesimistas con una narrativas ruda y enérgica, sus ensayos son controvertidos por sus agudas críticas principalmente hacia la Iglesia católica y otros sectores moralistas. Es autor de las novelas Los días azules, El fuego secreto (1987), Los caminos a Roma (1988), Años de indulgencias (1989) y Entre fantasmas, obras de corte autobiográfico reunidas en El río del tiempo (2000); La virgen de los sicarios (1994), llevada al cine por Barbet Schoeder; El desbarrancadero (2001); La tautología darwinista (2002) y La Rambla paralela (2002); las biografías El mensajero (1984), sobre Porfirio Barba-Jacob y Chapolas negras (1995), sobre José Asunción Silva; el libro de ensayo Logoi, Una gramática del lenguaje literario (1983), obra en que discute la idea de que la literatura es posible gracias a los lugares comunes y a los clichés. Vallejo ha dirigido las películas Crónica roja (1977), En la tormenta (1980) y Barrio de campeones (1983), de la que también es guionista. 
649 |a XX 
650 |a Escritores Colombianos -  |x Biografías 
650 |a Poesía Colombiana -  |x Historia y Crítica 
650 |a Literatura Colombiana -  |x Historia y Crítica 
650 |a Literatura Colombiana -  |y Siglo XIX 
650 |a Literatura Colombiana -  |y Siglo XX 
650 |a Modernismo (Literatura) -  |z Colombia 
650 |a Silva, José Asunción -  |x Tema Principal 
910 |a Fondo General 
920 |a Impresos - Libros 
930 |a Colección General 
940 |a Literatura 
905 |a 101 
901 |a 0500205148  |b IT1  |c LIT  |i C130414  |u 20250521 
902 |a https://opac.biblio.iteso.mx/vufind/Record/000318025